00900 2200313 4500001002100000005001500021035002000036007000300056008004100059040001700100100002200117245012500139250001200264300003000276020002200306041000800328082000800336084001400344090002000358260003700378500002800415650001200443700002100455850001000476990002500486990002500511990002500536990002500561INLIS00000000000239920260602100146 a0010-0220000250ta260602 0  aSBPUPADbInd0 aRatu Sri Hastutie1 aSyal Rajut Multifungsi :bRagam Kreasi Syal Rajut dalam Berbagai Mode dan Suasana /cRatu Sri Hastutie; Editor, Rinawati a.-Cet.1 a80 hlm. :bilus. ;c21 Cm a978-602-1656-08-207aInd a646 a646 RAT s a646 RAT s L21-1 a.--Surabaya :bTiara Aksa,c2013 aTentang Penulis, hlm 80 4aFashion0 aEditor, Rinawati aPUPAD a30.751/APBD/DPK/2019 a30.752/APBD/DPK/2019 a30.753/APBD/DPK/2019 a30.754/APBD/DPK/2019